01198nam a22002537a 450000500170000000800410001702000180005805000200007608200160009610000280011224500960014026000640023630000460030049000360034650000300038250400340041250502900044665000470073670000290078370000260081270000370083870000430087570000260091820231102152011.0161202s2013 sp ad 001 0 spa d a978847356907104aHF5415.126bL5304a658.84bL531 aLiberos, Eduardoeautor13aEl libro del marketing interactivo y la publicidad digitalb / Eduardo Liberos... [et al.] aPozuelo de Alarcón, Madridb : Alfaomegab, ESICc , 2013 a941 páginasb : ilustraciones, graficas0 aLibros profesionales de empresa aReimpresión: 2014, 2015 aBibliográfica (pp. 487-491)0 aEl mundo de la publicidad online Fundamentos legales en la publicidad online Estrategia publicitaria online Herramientas de publicidad digital KPI´s y métricas digitales Analítica web Mobile Marketing Social media marketing Fidelización online Marketing content14aINTERNET (RED DE COMPUTADORAS)xPUBLICIDAD1 aNuñez, Álvaroeautor1 aBareño, Rutheautor1 aGarcía del Poyo, Rafaeleautor1 aGutiérrez-Ulecia, Juan Carloseautor1 aPino, Gabrielaeautor